Classes de Black Desert - Statistiques

Statistiques générales
  • Ce quiz a été pris 13 fois
  • Le résultat moyen est 11 sur 23
Statistiques - réponses
Style Classe % Correct
Distance Archer
80%
Corps-à-corps Guerrier
80%
Magie Magicien
80%
Corps-à-corps Corsaire
60%
Magie Magicienne
60%
Corps-à-corps Musa
60%
Corps-à-corps Ninja
60%
Mi-distance Nova
60%
Magie Sage
60%
Magie Sorcière
60%
Corps-à-corps Berserk
40%
Corps-à-corps Dompteuse
40%
Corps-à-corps Gardiana
40%
Mi-distance Hashashin
40%
Corps-à-corps Kunoichi
40%
Corps-à-corps Lahn
40%
Corps-à-corps Lame sombre
40%
Corps-à-corps Mystique
40%
Distance Rôdeuse
40%
Soutien Shai
40%
Corps-à-corps Valkyrie
40%
Corps-à-corps Maehwa
20%
Corps-à-corps Poings furieux
20%
Aucun quiz correspondant
Distribution des résultats
% des personnes avec chaque résultat
Percentile par nombre de réponses
Votre historique - résultats
Vous n’avez pas pris ce quiz